Spomienky dirigenta

Bibliographic Details
Main Author: Karmažin, Viliam, 1922-2018 (Author)
Format: Book
Language:Slovak
PhysicalDescription:139 s. fotogr. 21 cm
Published: [Sereď] Marcel Kováč - MNEWIS 2010
ISBN:9788097036904
Edition:1. vyd.
Subjects:

MARC

LEADER 00000nam a2200000 a 4500
001 vtls010113939
003 SK-MaSNL
005 20260301081920.0
008 240315s2010 xo o d 000 0aslo
015 |a SNBA2010/08-04281 
020 |a 9788097036904  |q (brož.) 
035 |a 9814D3BF-D0C3-4662-8A10-A8441AA81875 
035 |a urn:nbn:sk:snk-amkal7 
035 |a urn:nbn:sk:snk-am003srn 
040 |a SNK  |b slo  |c SNK  |e AACR2 
041 0 |a slo 
043 |a e-xo--- 
044 |a xo  |c SK 
072 7 |a 78.07  |x Hudobníci, skladatelia a iné hudobné povolania  |2 konspekt 
072 7 |a 929  |x Biografie  |2 konspekt 
080 |a 78.071.2  |2 2001 
080 |a (437.6)  |2 2001 
080 |a (0:82-94)  |2 2001 
100 1 |a Karmažin, Viliam,  |d 1922-2018  |4 aut  |9 221357 
245 1 0 |a Spomienky dirigenta  |c Viliam Karmažim 
250 |a 1. vyd. 
260 |a [Sereď]  |b Marcel Kováč - MNEWIS  |c 2010 
300 |a 139 s.  |b fotogr.  |c 21 cm 
500 |a Miesto vyd. podľa ISBN 
600 1 7 |a Karmažin, Viliam,  |d 1922-2018  |2 SNKMA  |9 221357 
648 7 |a 20.-21. stor.  |2 SNKPH  |9 270701 
650 0 7 |a dirigenti  |2 SNKPH  |9 3192 
655 7 |a autobiografické spomienky  |2 SNKPH  |9 70489 
919 |a 978-80-970369-0-4 
958 |a BX 
958 |a OND 
968 |d 78 
999 |c 657166  |d 659096 
952 |a SNK  |b SNK  |y PREZ  |7 0  |p 17A0665669  |o snkSC 141204  |i snk2010/14890  |8 0  |0 0  |1 0  |4 0  |d 2010-07-12  |f 1  |l 0  |r 2025-07-09 00:00:00  |w 2026-02-23 
952 |a SNK  |b SNK  |y VYP  |7 0  |p 17A0665668  |o snkSC 141204 D1  |i snk2010/14891  |8 0  |0 0  |1 0  |4 0  |d 2010-07-12  |l 0  |r 2026-02-23 18:41:52  |w 2026-02-23